[Event "Penang op-B 14th"]
[Site "Penang"]
[Date "2022.12.20"]
[Round "3"]
[White "Saerang, Veyron Fraser"]
[Black "Sophia, Yek Yu Han"]
[Result "1-0"]
[WhiteElo "1212"]
[BlackElo "1471"]
[PlyCount "63"]
[EventDate "2022.12.19"]
[EventType "swiss"]
[EventRounds "9"]
[EventCountry "MAS"]
[SourceTitle "EXT 2024"]
[Source "ChessBase"]
[SourceDate "2023.10.10"]
[SourceVersion "1"]
[SourceVersionDate "2023.10.10"]
[SourceQuality "1"]

1. e4 c5 2. Nf3 Nc6 3. b4 Nxb4 4. c3 Nc6 5. d4 cxd4 6. cxd4 e6 7. d5 exd5 8. exd5 Qa5+ 9. Bd2 Qxd5 10. Nc3 Qe6+ 11. Be2 Nf6 12. 0-0 Bc5 13. Nb5 Bb6 14. Be3 0-0 15. Bxb6 axb6 16. Nc7 Qf5 17. Nxa8 Nd5 18. Bc4 Nc3 19. Qd2 Ne4 20. Qd5 Qxd5 21. Bxd5 Nf6 22. Bxc6 bxc6 23. Nxb6 Ba6 24. Rfd1 d5 25. Rac1 Be2 26. Rd2 Rb8 27. Nxd5 cxd5 28. Rxe2 Kf8 29. Rec2 Ke7 30. Nd4 Kd7 31. Rc7+ Kd6 32. f4 1-0